| 000 | 00859nam a2200229 i 4500 | ||
|---|---|---|---|
| 001 | 67262 | ||
| 003 | ES-MaACL | ||
| 005 | 20250829045821.0 | ||
| 007 | t| | ||
| 008 | 190628s1964 sp ||||0| spa d | ||
| 100 | 1 |
_aMenz, Henner. _9167436 |
|
| 245 | 1 | 0 |
_aTesoros de la pintura en la Galeria de Dresde / _cHenner Menz ; traducción de Juan Ernesto Vinardell ; revisión y dirección Teodoro Miciano. |
| 260 |
_aMadrid : _bDaimón, _c1964. |
||
| 300 |
_a320 p., 16 lám., 4 lám. col. ; _c21 cm. |
||
| 490 | 1 |
_aColección "Tesoro de los Grandes Museos" ; _v6 |
|
| 610 | 2 | 4 |
_aGemälde-Galerie (Dresde) _9167437 |
| 700 | 0 |
_aVinardell, Juan Ernesto. _9115298 |
|
| 700 | 1 |
_aMiciano, Teodoro, _d1903-1974 _980944 |
|
| 830 | 0 | 0 |
_aColección "Tesoros de los grandes museos" _v6 _9178969 |
| 852 |
_aES-MaACL _jP-583-Bis-6 |
||
| 999 |
_c67262 _d67262 |
||